Case news (Record no. 77526)
[ view plain ]
| 000 -LEADER | |
|---|---|
| fixed length control field | 01259cab a2200205 4500 |
| 001 - CONTROL NUMBER | |
| control field | ##L134437 |
| 008 - FIXED-LENGTH DATA ELEMENTS--GENERAL INFORMATION | |
| fixed length control field | 060807n 000 0 eng u |
| 035 ## - SYSTEM CONTROL NUMBER | |
| System control number | (Sirsi) u134437 |
| 041 0# - LANGUAGE CODE | |
| Language code of text/sound track or separate title | eng |
| 100 1# - MAIN ENTRY--PERSONAL NAME | |
| Personal name | Ross, Jonathan |
| 245 00 - TITLE STATEMENT | |
| Title | Case news |
| Remainder of title | Janet Reger International v Tiree |
| 260 ## - PUBLICATION, DISTRIBUTION, ETC. | |
| -- | 006 |
| 490 #0 - SERIES STATEMENT | |
| Series statement | Property Week |
| Volume/sequential designation | 71(31) 4 August 2006, 54(1) |
| 520 ## - SUMMARY, ETC. | |
| Summary, etc. | [2006] EWHC 1743 (Ch), 17 July 2006. Considers whether a landlord was liable to repair an inherent defect in its premises. Retailer J was forced to leave premises leased from T after a problem with damp, and claimed that T was liable for its losses. T argued it was not liable because the problem was caused by a design fault not covered in the lease, namely a damp-proof membrane in the floor that had not been linked to the damp-proof course in the walls. "Held": there was no implied term in the lease that the landlord would prevent damage to the part of the premises the tenant was liable to repair, therefore the judge found for the landlord. |
| 590 ## - LOCAL NOTE (RLIN) | |
| Local note | IKA010806 |
| 650 24 - SUBJECT ADDED ENTRY--TOPICAL TERM | |
| Topical term or geographic name entry element | JANET REGER INTERNATIONAL V TIREE LTD |
| 651 #4 - SUBJECT ADDED ENTRY--GEOGRAPHIC NAME | |
| Geographic name | England and Wales |
| Chronological subdivision | 1543- |
| 690 ## - LOCAL SUBJECT ADDED ENTRY--TOPICAL TERM (OCLC, RLIN) | |
| Topical term or geographic name as entry element | PROPERTY-COMMERCIAL PROPERTY-LEASEHOLD COMMERCIAL PROPERTY-COMMERCIAL LANDLORD AND TENANT |
| 942 ## - ADDED ENTRY ELEMENTS (KOHA) | |
| Suppress in OPAC | 0 |
| Withdrawn status | Lost status | Source of classification or shelving scheme | Damaged status | Not for loan | Home library | Current library | Shelving location | Date acquired | Total Checkouts | Full call number | Barcode | Date last seen | Copy number | Price effective from | Koha item type |
|---|---|---|---|---|---|---|---|---|---|---|---|---|---|---|---|
| Dewey Decimal Classification | London | London | Journal article | 07/08/2006 | L134437 | 134437-1001 | 06/08/2019 | 1 | 06/08/2019 | Journal article |